000 00722cam a22002651 4500
001 15379
003 BD-RjUL
005 20211208235814.0
008 140210s1955 enk 001 0 eng
035 _a(BD-RjUL)15433
035 _a(OCoLC)1004992
040 _aDLC
_cTxU-Da
_dOCoLC
_dUk
_dDLC
_dBD-RjUL
_beng
041 _aeng
082 _a631.46
_bNIM 1955
100 1 _aNicol, Hugh,
_d1898-
_947794
245 1 0 _aMicrobes and us /
_cHugh Nicol
260 _aHarmondsworth, Middlesex :
_bPenguin Books,
_c1955.
300 _a272 p. ;
_c18 cm.
490 0 _aPelican books,
_vA326
504 _aIncludes index.
650 0 _aSoil microbiology.
_947795
942 _2ddc
_cBK
999 _c15379
_d15379